Gentilé des départements français - Statistiques

Statistiques générales
  • Ce quiz a été pris 134 fois
  • Le résultat moyen est 45 sur 100
Statistiques - réponses
Hint Réponse % Correct
Ardèche Ardéchois
87%
Aveyron Aveyronnais
86%
Charente Charentais
85%
Ariège Ariégeois
84%
Paris Parisien
78%
Ardennes Ardennais
77%
Isère Isérois
75%
Marne Marnais
75%
Corrèze Corrézien
74%
Creuse Creusois
74%
Aude Audois
73%
La Réunion Réunionnais
73%
Aube Aubois
72%
Guyane Guyanais
72%
Drôme Drômois
71%
Gironde Girondin
71%
Vosges Vosgien
71%
Gers Gersois
70%
Nord Nordiste
70%
Guadeloupe Guadeloupéen
69%
Martinique Martiniquais
69%
Savoie Savoyard
69%
Vendée Vendéen
69%
Vienne Viennois
68%
Landes Landais
67%
Mayenne Mayennais
67%
Var Varois
66%
Orne Ornais
65%
Tarn Tarnais
65%
Gard Gardois
64%
Finistère Finistérien
63%
Jura Jurassien
61%
Sarthe Sarthois
61%
Haute-Savoie Haut-Savoyard
60%
Vaucluse Vauclusien
59%
Cantal Cantalien
57%
Haute-Marne Haut-Marnais
57%
Lot Lotois
57%
Manche Manchois
57%
Oise Oisien
57%
Haute-Vienne Haut-Viennois
55%
Lozère Lozérien
55%
Morbihan Morbihannais
55%
Indre Indrois
53%
Eure Eurois
52%
Hérault Héraultais
52%
Moselle Mosellan
49%
Hautes-Alpes Haut-Alpin
48%
Meuse Meusien
47%
Corse-du-Sud Corse du Sud
45%
Yvelines Yvelinois
44%
Dordogne Dordognais
43%
Hautes-Pyrénées Haut-Pyrénéen
43%
Rhône Rhodanien
42%
Calvados Calvadosien
40%
Charente-Maritime Charentais-Maritime
38%
Val-de-Marne Val-de-Marnais
38%
Bas-Rhin Bas-Rhinois
37%
Haut-Rhin Haut-Rhinois
37%
Val-d'Oise Val-d'Oisien
37%
Mayotte Mahorais
36%
Loire Ligérien
35%
Doubs Doubien
34%
Haute-Corse Corse du Nord
32%
Pas-de-Calais Pas-de-Calaisien
32%
Seine-et-Marne Seine-et-Marnais
32%
Tarn-et-Garonne Tarn-et-Garonnais
32%
Nièvre Nivernais
31%
Bouches-du-Rhône Bucco-Rhodanien
29%
Haute-Saône Haut-Saônois
27%
Côtes d'Armor Costarmoricain
26%
Essonne Essonien
26%
Haute-Garonne Garonnais
25%
Lot-et-Garonne Lot-et-Garonnais
25%
Alpes de Haute-Provence Bas-Alpin
21%
Allier Bourbonnais
21%
Meurthe-et-Moselle Meurthois
21%
Cher Berrichon
20%
Haute-Loire Altiligérien
19%
Côte-d'Or Côte-d'Orien
19%
Ain Aindinois
18%
Deux-Sèvres Deux-Sévrien
18%
Loiret Loirétain
17%
Alpes-Maritimes Maralpin
17%
Ille-et-Vilaine Bretillien
16%
Aisne Axonais
13%
Eure-et-Loir Eurélien
13%
Yonne Icaunais
13%
Indre-et-Loire Indroligérien
13%
Puy-de-Dôme Puydomois
13%
Hauts-de-Seine Altoséquanais
12%
Seine-Saint-Denis Séquano-Dionysien
12%
Saône-et-Loire Saône-et-Loirien
11%
Territoire de Belfort Terrifortain
11%
Pyrénées-Atlantiques Béarnais
10%
Somme Samarien
9%
Loire-Atlantique Mariligérien
7%
Pyrénées-Orientales Roussillonnais
7%
Seine-Maritime Seinomarin
7%
Loir-et-Cher Lédocarien
4%
Aucun quiz correspondant
Distribution des résultats
% des personnes avec chaque résultat
Percentile par nombre de réponses
Votre historique - résultats
Vous n’avez pas pris ce quiz